|
|
|
|
| LEADER |
00862nam a2200241 a 4500 |
| 001 |
GR-Patra16639 |
| 008 |
040108s2002 gr e 000 0 eng d |
| 020 |
|
|
|a 0683307649
|
| 040 |
|
|
|a GrPaTEI
|b gre
|c GR-PaULI
|
| 040 |
|
|
|a GrPaTEI
|b gre
|c GR-PaULI
|
| 082 |
|
0 |
|a 618.920978
|2 21
|
| 100 |
1 |
|
|a Northern, Jerry L.
|
| 245 |
1 |
0 |
|a Hearing in children /
|c Jerry L. Northern, Marion P. Downs.
|
| 250 |
|
|
|a 5th ed.
|
| 260 |
|
|
|a Philadelphia :
|b Lippincott,
|c c2002
|
| 300 |
|
|
|a xiv, 452σ.
|
| 650 |
|
0 |
|a Hearing disorders in children
|
| 700 |
1 |
|
|a Downs, Marion P.
|
| 710 |
0 |
|
|a Lippincott
|
| 942 |
|
|
|2 ddc
|
| 952 |
|
|
|0 0
|1 0
|2 ddc
|4 0
|6 618_920978000000000_NOR
|7 0
|9 296226
|a LISK
|b LISK
|c BSC
|d 2021-01-17
|e 24
|f 0
|g 0.00
|l 0
|o 618.920978 NOR
|p 92410021278
|r 2021-01-17 00:00:00
|t 1
|w 2021-01-17
|y BK15
|x 20040108 0 1
|x GrPaTEI
|
| 971 |
|
|
|a .b26641549
|b 15-04-20
|c 23-09-16
|
| 999 |
|
|
|c 172681
|d 172681
|